000 00311nam a2200133Ia 4500
005 20251222144924.0
008 251222s9999||||xx |||||||||||||| ||spa||
020 _a950-695-153-5
082 _a306.3/H22
100 _aHarrison, Lawrence E.
245 0 _a¿Quiénes Prosperan?:
264 _bREI
942 _cLIB
999 _c22846
_d22846